A GUIDE TO THE STUDY AND USE OF MILITARY HISTORY A COLLECTION OF ARTICLES GLEANED FROM A GUIDE TO THE STORY AND USE OF MILITARY HISTORY (Record no. 580878)

000 -LEADER
fixed length control field 00324nam a22000977a 4500
082 ## - DEWEY DECIMAL CLASSIFICATION NUMBER
Classification number 355 GUI'D
245 ## - TITLE STATEMENT
Title A GUIDE TO THE STUDY AND USE OF MILITARY HISTORY A COLLECTION OF ARTICLES GLEANED FROM A GUIDE TO THE STORY AND USE OF MILITARY HISTORY
260 ## - PUBLICATION, DISTRIBUTION, ETC.
Place of publication, distribution, etc. RAWALPINDI
Name of publisher, distributor, etc. ARMY EDUCATION
Date of publication, distribution, etc. 1981
300 ## - PHYSICAL DESCRIPTION
Extent 165P
942 ## - ADDED ENTRY ELEMENTS (KOHA)
Koha item type Book
Holdings
Withdrawn status Lost status Damaged status Not for loan Permanent Location Current Location Shelving location Date acquired Total Checkouts Full call number Barcode Date last seen Price effective from Koha item type
        College of Electrical & Mechanical Engineering (CEME) College of Electrical & Mechanical Engineering (CEME) General Stacks 05/18/2017   355 GUI'D CEME-14133 06/28/2021 06/28/2021 Book
© 2023 Central Library, National University of Sciences and Technology. All Rights Reserved.